02177cam a22003255a 45000010009000000050017000090080041000260200018000670200015000850400038001000820022001381000021001602450089001812500012002702600036002823000035003185000027003535000024003805040041004045050937004456500040013826500032014226510010014546530023014647000022014879420008015099990017015179520157015349520160016911873985520161225110647.0150810t2016 moua frbd 001 0 eng d a9780323320924 a0323320929 aDNLM/DLCbengcDLCdDLCdEG-ScBUE04a616.9041222bVAN1 aVanMeter, Karin.10aMicrobiology for the healthcare professional /cKarin C. VanMeter, Robert J. Hubert. a2nd ed. aSt. Louis :bElsevier,cc.2016. aviii, 532 p. :bill. ;c28 cm. aGlossary : p. 493-508. aIndex : p. 509-532. aIncludes bibliographical references.0 aScope of microbiology -- Chemistry of life -- Cell structure and function -- Bacteria and archaea -- Viruses -- Eukaryotic microorganisms -- Physical and chemical methods of control -- Microbiological laboratory techniques -- Microbiological laboratory safety issues -- Pharmacology -- Antimicrobial drugs -- Infection and disease -- The immune response and lymphatic system -- Infections of the integumentary system, soft tissue, and musculoskeletal system -- Infections of the respiratory system -- Infections of the gastrointestinal system -- Infections of the nervous system and sensory structures senses -- Infections of the cardiovascular/ circulatory system -- Infections of the urinary system -- Infections of the reproductive system -- Sexually transmitted infections/diseases -- Human age and microorganisms -- Microorganisms in the environment and effects on human health -- Emerging infectious diseases -- Biotechnology. 7aMedical microbiology.2BUEsh912324 7aMicrobiology.9239682BUEsh 2BUEsh bNNURcDecember20161 aHubert, Robert J. 2ddc c23723d23695 00102ddc40708ايمكaMAINbMAINc1STd2016-12-25ePurchaseg907.00h3397l1o616.9041 VANp000040569r2025-07-15 00:00:00s2020-02-11v1133.75yBB 00102ddc40708ايمكaMAINbMAINc1STd2016-12-25ePurchaseg907.00h3397l1m2o616.9041 VANp000040570r2025-07-15 00:00:00s2019-03-27v1133.75yBB